00377nam a22000977a 4500082001200000100002000012245016400032260004100196650002200237700002000259 aTHE 200 aWAQAS SIDDIQUE  aTH-SOF-0766-ROOT CAUSE ANALYSIS OF PROJECT FAILURE AND DEVELOPMENT OF A MODEL TO DETERMINE CRITICAL SUCCESS FACTORS IN PUBLIC SECTOR ORGANIZATIONS OF PAKISTAN. aNUST COLLEGE OF EMEbISLAMABADc2001 a MS-EM-5 MSTHESIS aDR ATHAR MASOOD